Los estudios sobre cine en Latinoamérica : (2000-2017) = Film studies in Latin America : (2000-2017) /

Bibliographic Details
Other Authors: Zavala, Lauro (Editor), Aristizábal Santa, Johnnier (Editor)
Format: Electronic eBook
Language:Spanish
Published: Bogotá : Editorial Uniagustiniana, 2020.
Series:Artes, comunicación y cultura (Editorial Uniagustiniana)
Subjects:
Online Access:Digitalia Hispánica

MARC

LEADER 00000nam a2200000Ii 4500
001 DIGUAGANA0011
003 NyNyDIG
006 m o d
007 cr |||||||||||
008 241206s2020 ck a ob 000 0 spa d
035 |a (OCoLC)1356005548 
040 |a DGITA  |b eng  |e rda  |e pn  |c DGITA 
020 |a 9789585498501  |q (digital) 
020 |z 9789585498495  |q (impreso) 
043 |a cl----- 
050 1 4 |a PN1993.5.L3 ebook 
245 0 3 |a Los estudios sobre cine en Latinoamérica :  |b (2000-2017) = Film studies in Latin America : (2000-2017) /  |c Lauro Zavala, Johnnier Aristizábal Santa (editores). 
246 1 |i English title on cover:  |a Film studies in Latin America :  |b (2000-2017)  
264 1 |a Bogotá :  |b Editorial Uniagustiniana,  |c 2020. 
300 |a 1 online resource :  |b illustrations. 
336 |a text  |b txt  |2 rdacontent 
337 |a computer  |b c  |2 rdamedia 
338 |a online resource  |b cr  |2 rdacarrier 
347 |a text file  |2 rdaft 
347 |b PDF 
490 1 |a Artes, comunicación y cultura 
504 |a Includes bibliographical references. 
588 0 |a Online resource; title from PDF title page (Digitalia, viewed December 6, 2024) 
650 0 |a Motion pictures  |z Latin America  |x History  |y 21st century. 
700 1 |a Zavala, Lauro,  |e editor. 
700 1 |a Aristizábal Santa, Johnnier,  |e editor. 
776 0 8 |i Print version:  |t Estudios sobre cine en Latinoamérica.  |d Bogotá : Editorial Uniagustiniana, 2020  |z 9789585498495 
791 2 |a Digitalia (Firm),  |e distributor. 
793 0 |g Digitalia eBook Collection:  |a Editorial Uniagustiniana 
830 0 |a Artes, comunicación y cultura (Editorial Uniagustiniana) 
856 4 0 |3 Digitalia Hispánica  |u https://www.digitaliapublishing.com/a/162805/ 
910 |a Premium collection: 2024